00720nam a2200217 a 450000100060000000300080000600500170001400800410003103500190007204000270009104100080011808200310012610000320015724500870018926000530027630000310032950000350036050000260039550400490042165000320047043896BD-RjUL20211209053752.0160628s1958 cc ab b 000 0 eng  a(BD-RjUL)44014 aDLCcDLCdBD-RjULbeng aeng 223a333.73095125bTRS 19581 aTregear, T. R.q(Thomas R.)12aA survey of land use in Hong Kong and the new territories /cby Thomas R. Tregear. aHong Kong :bHong Kong University Press,cc1958. av, 75 p. :bill. ;c28 cm. a"With land use map, 1:80,000." aFolded map in pocket. aIncludes bibliographical references (p. 71). 0aLand usezChinazHong Kong.